¿Hasta dónde nos sirven las identidades? Yuderkis Espinosa
Síntesis del ensayo: ¿Hasta dónde nos sirven las identidades? Una propuesta de repensar la identidad en los movimientos feministas y étnico-raciales
Guardado en:
| Autor principal: | |
|---|---|
| Formato: | Libro |
| Lenguaje: | Spanish |
| Materias: | |
| Etiquetas: |
Agregar Etiqueta
Sin Etiquetas, Sea el primero en etiquetar este registro!
|
MARC
| LEADER | 00000nam a22000007a 4500 | ||
|---|---|---|---|
| 003 | cru CIDCACS/IIS | ||
| 005 | 20230328143601.0 | ||
| 008 | 191007b ||||| |||| 00| 0 spa d | ||
| 040 | |c cru CIDCACS/IIS | ||
| 100 | 1 | |9 8649 |a Espinosa, Yuderkis | |
| 245 | 1 | 1 | |a ¿Hasta dónde nos sirven las identidades? |b Yuderkis Espinosa |
| 300 | |a páginas 22-23 | ||
| 520 | |a Síntesis del ensayo: ¿Hasta dónde nos sirven las identidades? Una propuesta de repensar la identidad en los movimientos feministas y étnico-raciales | ||
| 650 | 0 | |9 4465 |a IDENTIDAD CULTURAL | |
| 650 | 4 | |9 2602 |a POBLACION | |
| 650 | 4 | |9 3253 |a POLITICA GUBERNAMENTAL | |
| 650 | 0 | |9 5167 |a CAMBIO CULTURAL | |
| 650 | 0 | |9 88 |a MUJERES | |
| 650 | 0 | |9 2091 |a SOCIEDAD CIVIL | |
| 650 | 0 | |9 1133 |a VALORES SOCIALES | |
| 773 | 0 | |0 42391 |9 3512 |a Agencia Latinoamericana de Información, ALAI |d Quito, Ecuador: ALAI |o 08350 |t ALAI: |x 08275564 | |
| 942 | |2 ddc |c PP | ||
| 999 | |c 42457 |d 42457 | ||
